[Event "Hradec Kralove Region-chT 2223"]
[Site "Czech Republic"]
[Date "2023.02.12"]
[Round "8.8"]
[White "Kunes, Jan"]
[Black "Splitek, Lubos"]
[Result "1-0"]
[WhiteElo "1749"]
[BlackElo "1661"]
[PlyCount "47"]
[EventDate "2022.10.09"]
[EventType "team-tourn"]
[EventRounds "11"]
[EventCountry "CZE"]
[SourceTitle "EXT 2024"]
[Source "ChessBase"]
[SourceDate "2023.10.10"]
[SourceVersion "1"]
[SourceVersionDate "2023.10.10"]
[SourceQuality "1"]

1. e4 c5 2. d4 cxd4 3. c3 Nc6 4. cxd4 e6 5. Nf3 d5 6. e5 Bb4+ 7. Nc3 Nge7 8. Bd3 Qb6 9. 0-0 Bxc3 10. bxc3 Bd7 11. a4 Na5 12. Rb1 Qc7 13. Qc2 Rc8 14. Bd2 Nc4 15. Bxc4 dxc4 16. Ng5 Bc6 17. Ne4 Bxe4 18. Qxe4 Nd5 19. Qg4 g6 20. Qh3 h5 21. Rb2 b6 22. Rfb1 a5 23. Rb5 Qe7 24. Rxd5 1-0